|
|
|
|
| LEADER |
00000caa a2200000 c 4500 |
| 001 |
1623654335 |
| 003 |
DE-627 |
| 005 |
20220606131025.0 |
| 007 |
tu |
| 008 |
080718s2008 xx ||||| 00| ||ger c |
| 035 |
|
|
|a (DE-627)1623654335
|
| 035 |
|
|
|a (DE-576)284095575
|
| 035 |
|
|
|a (DE-599)BSZ284095575
|
| 040 |
|
|
|a DE-627
|b ger
|c DE-627
|e rakwb
|
| 041 |
|
|
|a ger
|
| 245 |
0 |
0 |
|a Studien zur Lebenssituation von Kindern, Jugendlichen und Eltern
|c Ingrid Hillebrandt [Red.]
|
| 264 |
|
1 |
|c 2008
|
| 336 |
|
|
|a Text
|b txt
|2 rdacontent
|
| 337 |
|
|
|a ohne Hilfsmittel zu benutzen
|b n
|2 rdamedia
|
| 338 |
|
|
|a Band
|b nc
|2 rdacarrier
|
| 700 |
1 |
|
|a Hillebrandt, Ingrid
|e Red.
|4 adp
|
| 773 |
0 |
8 |
|i In
|t Kinder- und Jugendschutz in Wissenschaft und Praxis
|d Berlin : Bundesarbeitsgemeinschaft Kinder- und Jugendschutz e.V., 2008
|g 53(2008), 3, Seite 76-78
|w (DE-627)556505514
|w (DE-600)2403960-3
|w (DE-576)276266277
|x 1865-9330
|7 nnas
|
| 773 |
1 |
8 |
|g volume:53
|g year:2008
|g number:3
|g pages:76-78
|
| 951 |
|
|
|a AR
|
| ELC |
|
|
|b 1
|
| LOK |
|
|
|0 000 xxxxxcx a22 zn 4500
|
| LOK |
|
|
|0 001 3252145561
|
| LOK |
|
|
|0 003 DE-627
|
| LOK |
|
|
|0 004 1623654335
|
| LOK |
|
|
|0 005 20250613112716
|
| LOK |
|
|
|0 008 080718||||||||||||||||ger|||||||
|
| LOK |
|
|
|0 040
|a DE-21-110
|c DE-627
|d DE-21-110
|
| LOK |
|
|
|0 689
|a s
|a Lebenssituation
|
| LOK |
|
|
|0 689
|a s
|a Kinder
|
| LOK |
|
|
|0 689
|a s
|a Jugendliche
|
| LOK |
|
|
|0 689
|a s
|a Eltern
|
| LOK |
|
|
|0 852
|a DE-21-110
|
| LOK |
|
|
|0 852 1
|m p
|9 00
|
| LOK |
|
|
|0 935
|a tre1
|
| LOK |
|
|
|0 938
|k p
|
| LOK |
|
|
|0 939
|a 18-07-08
|b l01
|
| ORI |
|
|
|a SA-MARC-krimdoka001.raw
|